000 00280nam a2200121Ia 4500
005 20251222154425.0
008 251222s9999||||xx |||||||||||||| ||spa||
020 _a84-9793-610-8
082 _a813.54/R85
100 _a"Roth, Philip"
245 0 _aPastoral americana
942 _cLIB
999 _c36179
_d36179